000 00556nam a2200181Ia 4500
008 220216s9999 xx 000 0 und d
100 _aMasuelli R W
245 0 _aIrregular meiosis in a somatic hybrid between S. bulbocastanum and S. tuberosum detected by species-specific PCR markers and cytological analysis
260 _bTheoretical and Applied Genetics
_c1995
300 _a401-408
650 _aInterspecific hybrids
650 _aRAPD
650 _aSCAR
700 _aBrown C R
700 _aComai L
700 _aTanimoto E Y
942 _cJS
999 _c61684
_d61684